Football Teams Keisuke Honda Played For - Statistics

General Stats
  • This quiz has been taken 16 times
  • The average score is 5 of 10
Answer Stats
League Years Team % Correct
Milan 2014-2017 AC Milan
100%
Russia 2010-2014 CSKA Moscow
67%
Australia 2018-2019 Melbourne Victory
58%
Mexico 2017-2018 CF Pachuca
50%
Netherlands 2019-2020 Vitesse Arnhem
50%
Brazil 2020-2021 Botafogo FR
33%
Lithuania 2021-2022 FK Sūduva Marijampole
33%
Azerbaijan 2021 Neftchi Baku
33%
Netherlands 2008-2010 VVV-Venlo
33%
Japan 2005-2008 Nagoya Grampus
25%
No matching quizzes found
Score Distribution
Percent of People with Each Score
Percentile by Number Answered
Your Score History
You have not taken this quiz